Países y territorios con el volante a la derecha - Estadísticas

Estadísticas generales
  • Esta prueba ha sido intentada 45 veces
  • La puntuación promedio es 43 de 79
Estadísticas de respuestas
Respuesta % Correcto
Reino Unido
97%
Australia
95%
Nueva Zelanda
95%
Irlanda
92%
Fiyi
82%
Japón
82%
Sudáfrica
79%
Samoa
76%
Bahamas
74%
Islas Salomón
74%
Santa Lucía
74%
Trinidad y Tobago
74%
India
71%
Jamaica
71%
Kenia
68%
San Vicente y las Granadinas
68%
Tuvalu
68%
Uganda
68%
Granada
66%
Indonesia
66%
Lesoto
66%
Nauru
66%
Papúa Nueva Guinea
66%
San Cristóbal y Nieves
66%
Tonga
66%
Barbados
63%
Kiribati
63%
Malta
63%
Tanzania
63%
Zimbabue
63%
Chipre
61%
Guyana
61%
Namibia
61%
Zambia
61%
Botsuana
58%
Dominica
58%
Mauricio
58%
Mozambique
58%
Pakistán
58%
Seychelles
58%
Antigua y Barbuda
55%
Bangladés
55%
Malasia
55%
Malaui
55%
Maldivas
55%
Suazilandia
55%
Surinam
55%
Tailandia
53%
Singapur
50%
Sri Lanka
50%
Brunéi
47%
Hong Kong
45%
Nepal
45%
Timor Oriental
45%
Bután
42%
Islas Caimán
42%
Islas Cook
42%
Macao
42%
Bermudas
39%
Islas Malvinas
39%
Jersey
39%
Anguilla
37%
Guernsey
37%
Isla de Man
37%
Islas Turcas y Caicos
34%
Islas Vírgenes Británicas
34%
Isla de Navidad
32%
Montserrat
32%
Santa Elena, Ascensión y Tristán de Acuña
32%
Niue
29%
Isla Norfolk
26%
Islas Cocos
26%
Islas Georgias del Sur y Sandwich del Sur
26%
Tokelau
26%
Islas Vírgenes de los Estados Unidos
24%
Chipre del Norte
21%
Islas Pitcairn
18%
Territorio Británico del Océano Índico
11%
Acrotiri y Dhekelia
8%
No se encontraron pruebas coincidentes
Distribución de puntuación
Porcentaje de gente con cada puntuación
Porcentaje por número respondido
Historial de tus puntuaciones
No has intentado esta prueba.